One Tree Hill Characters - Statistics

General Stats
  • This quiz has been taken 2,623 times
  • The average score is 13 of 15
Answer Stats
Hint Answer % Correct
murdered his brother Dan Scott
98%
wears 23 for the ravens Nathan Scott
98%
abandoned by his father Lucas Scott
97%
owns a cafe Karen Roe
96%
murdered by his brother Keith Scott
95%
the girl behind the red door Brooke Davis
94%
announces basketball games Marvin Mcfadden
94%
goes on tour with Chris Keller Haley James
91%
coach of the ravens Whitey Durham
88%
musician who comes to tree hill Chris Keller
82%
movie producer that marries the owner of clothes over bros Julian Baker
81%
commits suicide in the school Jimmy Edwards
75%
bar manager Chase
67%
runs the dare night episode Felix
57%
co-owner of fortitude Clay Evans
55%
No matching quizzes found
Score Distribution
Percent of People with Each Score
Percentile by Number Answered
Your Score History
You have not taken this quiz